Statistics for Portuguese Shopping Vocabulary

Click here to take the quiz!

General Stats

  • This quiz has been taken 21 times
  • The average score is 33 of 48

Answer Stats

Hint Answer % Correct
to buycomprar
95%
to paypagar
95%
smallpequeno(a)
95%
expensivecaro(a)
90%
cheapbarato(a)
90%
largegrande
90%
euroeuro
90%
plasticplástico
90%
paperpapel
90%
dollardólar
90%
clothesroupa
85%
How much does it cost?Quanto custa?
85%
moneydinheiro
85%
realreal
85%
pricepreço
85%
to costcustar
85%
storeloja
85%
sizetamanho
80%
shopping centercentro comercial
80%
mediummédio(a)
80%
credit cardcartão de crédito
75%
centcentavo
75%
giftpresente
75%
discountdesconto
75%
mirrorespelho
75%
debit cardcartão de débito
75%
pursebolsa
75%
coinmoeda
70%
extra (prefix)extra
70%
walletcarteira
60%
tagetiqueta
60%
bagsacola
60%
changetroco
60%
couponvale
55%
to try onexperimentar
55%
to returndevolver
50%
to exchangetrocar
50%
too (much)demais
45%
receiptrecibo
40%
to shopfazer compras
35%
on saleà venda
35%
fitting roomprovador
35%
food courtpraça de alimentação
30%
advertisementanúncio
30%
to fitservir
25%
saleliquidação
15%
checkconta
10%

Score Distribution

Percentile by Number Answered

Percent of People with Each Score

Your Score History

You have not taken this quiz